Malý slovník cudzích slov /

Saved in:
Bibliographic Details
Main Author: Šalingová, Mária (Author)
Format: Book
Language:Slovak
Published: Bratislava : Slovenské pedagogické nakladateľstvo, 1960
Edition:2.rev.vyd.
Subjects:
Tags: Add Tag
No Tags, Be the first to tag this record!

MARC

LEADER 00000nam a22000003a 4500
001 stu42850
005 20150617225720.8
008 940519s1960----cs------------------slo-d
040 |a STU  |b slo 
041 0 |a slo 
044 |a cs 
080 |a 801.316.3(083) 
100 1 |a Šalingová, Mária  |4 aut 
245 1 |a Malý slovník cudzích slov /  |c [aut.]Mária Šalingová 
250 |a 2.rev.vyd. 
260 |a Bratislava :  |b Slovenské pedagogické nakladateľstvo,  |c 1960 
300 |a 452 s 
650 7 |a Slová cudzie  |2 stusub 
650 7 |a slovníky  |2 stusub 
650 7 |a slovníky cudzích slov  |2 stusub 
996 |b 284M002528  |c M*4743-1  |l MMKN  |s A  |a 24  |w stu42850_0001